| 000 | 00479 a2200157 4500 | ||
|---|---|---|---|
| 020 | _a9780026874595 | ||
| 020 | _a0026874598 | ||
| 041 | _aspa | ||
| 100 | _aAllen, Rebecca | ||
| 245 | _aLa gallinita Roja / version de Rebecca Allen ; ilustraciones de Bob Ostrom ; traduccion de Tatiana Acosta. | ||
| 260 | _aColumbus, Ohio : SRA/McGraw Hill, c1996. | ||
| 300 |
_a40 pages : color illustrations ; _c28 cm |
||
| 700 | 1 | _aOstrom, Bob | |
| 700 | 1 | _aAcosta, Tatiana | |
| 942 | _cBK | ||
| 999 |
_c19836 _d19836 |
||